Developments in language theory : (رقم التسجيلة. 3590)
[ عرض عادي ]
| 000 -الفاتح | |
|---|---|
| حقل البيانات ثابتة الطول | 01521cam a22003374a 4500 |
| 001 - رقم الضبط | |
| رقم الضبط | 12701332 |
| 003 - محدد رقم الضبط | |
| رقم الضبط | OSt |
| 005 - وقت وتاريخ اخر تعامل مع التسجيلة | |
| رقم الضبط | 20150408113747.0 |
| 008 - عناصر البيانات ثابتة الطول - معلومات عامة | |
| حقل البيانات ثابتة الطول | 020312s2001 gw a b 101 0 eng |
| 010 ## - رقم ضبط مكتبة الكونجرس | |
| رقم ضبط مكتبة الكونجرس | 2002020915 |
| 020 ## - الرقم الدولى المعيارى للكتب | |
| الرقم الدولى المعيارى للكتاب | 3540434534 (softcover : alk paper) |
| 040 ## - مصدر الفهرسة | |
| وكالة الفهرسة الأصلية | DLC |
| وكالة النسخ | DLC |
| وكالة التعديل | DLC |
| 042 ## - رمز التحقق | |
| رمز التحقق | pcc |
| 050 00 - رقم طلب مكتبة الكونجرس | |
| رقم التصنيف | QA267.3 |
| رقم المادة | .C63 2001 |
| 082 00 - رقم تصنيف ديوى العشرى | |
| رقم التصنيف | 511.3 |
| رقم الطبعة | 21 |
| 111 2# - المدخل الرئيسى - اسم مؤتمر | |
| اسم المؤتمر أو اسم السلطة كمدخل | Conference on Developments in Language Theory |
| رقم جزء/قسم/الاجتماع | (5th : |
| تاريخ الاجتماع | 2001 : |
| موقع المؤتمر | Wein, Austria) |
| 9 (RLIN) | 8889 |
| 245 10 - بيان العنوان | |
| العنوان | Developments in language theory : |
| بقية العنوان | 5th International Conference, DLT 2001, Wien, Austria, July 16-21, 2001 : revised papers / |
| بيان المسئوليه,etc | Werner Kuich, Grzegorz Rozenberg, Arto Salomaa (eds.). |
| 260 ## - PUBLICATION, DISTRIBUTION, ETC. (IMPRINT) | |
| مكان الناشر او الموزع | Berlin ; |
| -- | New York : |
| اسم الناشر او الموزع | Springer, |
| تاريخ النشر أو التوزيع | c2002. |
| 300 ## - الوصف المادى | |
| التعداد | ix, 388 p. : |
| تفاصيل ماديه اخرى للوعاء | ill. ; |
| أبعاد الوعاء | 24 cm. |
| 490 1# - بيان السلسلة | |
| عنوان السلسلة | Lecture notes in computer science, |
| الرقم الدولى المعيارى للدوريات | 0302-9743 ; |
| رقم المجلد/ التعيين التسلسلي | 2295 |
| عنوان السلسلة | Lecture note in artificial intelligence |
| 504 ## - تبصرة ببليوجرافية | |
| تبصرة ببليوجرافية,الخ | Includes biographical references and index. |
| 650 #0 - المدخل الاضافى بالموضوع-مصطلح موضوعى | |
| مصطلح موضوعي أو اسم جغرافي كعنصر مدخل | Formal languages |
| التقسيم الفرعي الشكلي | Congresses. |
| 9 (RLIN) | 8890 |
| 700 1# - المدخل الاضافى - اسم شخصى | |
| الإسم الشخصى | Kuich, Werner, |
| التواريخ المصاحبة للاسم | 1941- |
| 9 (RLIN) | 8891 |
| 700 1# - المدخل الاضافى - اسم شخصى | |
| الإسم الشخصى | Rozenberg, Grzegorz. |
| 9 (RLIN) | 8892 |
| 700 1# - المدخل الاضافى - اسم شخصى | |
| الإسم الشخصى | Salomaa, Arto. |
| 9 (RLIN) | 8893 |
| 830 #0 - المدخل الاضافى بالسلسلة -عنوان موحد | |
| عنوان موحد | Lecture notes in computer science |
| رقم المجلد/ التعيين التسلسلي | 2295. |
| 9 (RLIN) | 8894 |
| 830 #0 - المدخل الاضافى بالسلسلة -عنوان موحد | |
| عنوان موحد | Lecture notes in computer science. |
| اسم جزء/قسم العمل | Lecture notes in artificial intelligence. |
| 856 42 - الوصول و الموقع الالكترونى | |
| مواد محددة | Publisher description |
| معرف المصدر الموحد | <a href="http://www.loc.gov/catdir/enhancements/fy0817/2002020915-d.html">http://www.loc.gov/catdir/enhancements/fy0817/2002020915-d.html</a> |
| 942 ## - عناصر المدخل الإضافي( كوها) | |
| مصدر التصنيف او مخطط الترفيف | Dewey Decimal Classification |
| Koha [default] item type | كتاب |
| حالة الفقد | نموذج السعر الفعال | حالة تلف | ليس للاعارة | رقم الطلب | تاريخ الاكتساب | الموقع الحالي | الباركود | الفرع الرئيسي | Date last seen | نوع المادة فى نظام كوها | مصدر التصنيف او خطة الترفيف | Total Checkouts |
|---|---|---|---|---|---|---|---|---|---|---|---|---|
| 2013-03-10 | 511.3 D E L | 2011-12-21 | مكتبة مجمع الكليات بالزلفى - طلاب (SZM) | 00012849 | مكتبة مجمع الكليات بالزلفى - طلاب (SZM) | 2013-03-10 | كتاب | Dewey Decimal Classification | ||||
| 2013-03-10 | 511.3 D E L | 2011-12-21 | مكتبة مجمع الكليات بالزلفى - طلاب (SZM) | 00012848 | مكتبة مجمع الكليات بالزلفى - طلاب (SZM) | 2013-03-10 | كتاب | Dewey Decimal Classification | ||||
| 2013-03-10 | 511.3 D E L | 2011-12-22 | مكتبة مجمع الكليات بالزلفى - طلاب (SZM) | 00012847 | مكتبة مجمع الكليات بالزلفى - طلاب (SZM) | 2013-03-10 | كتاب | Dewey Decimal Classification |
